| 000 | 01320nam a2200325 a 4500 | ||
|---|---|---|---|
| 001 | ebr10459624 | ||
| 003 | CaPaEBR | ||
| 006 | m u | ||
| 007 | cr cn||||||||| | ||
| 008 | 110426s2010 enka sb 001 0 eng d | ||
| 020 | _z9781905539574 | ||
| 020 | _z9781907830570 (e-book) | ||
| 040 |
_aCaPaEBR _cCaPaEBR |
||
| 035 | _a(OCoLC)656358945 | ||
| 050 | 1 | 4 |
_aR727.2 _b.F67 2010eb |
| 100 | 1 | _aFord, Kelvin. | |
| 245 | 1 | 0 |
_aPreventing and reducing aggression and violence in health and social care _h[electronic resource] : _ba holistic approach / _cKelvin Ford, Richard Byrt, James Dooher. |
| 260 |
_aCumbria [England] : _bM&K Update Ltd., _c2010. |
||
| 300 |
_ax, 224 p. : _bill. |
||
| 504 | _aIncludes bibliographical references and index. | ||
| 533 |
_aElectronic reproduction. _bPalo Alto, Calif. : _cebrary, _d2011. _nAvailable via World Wide Web. _nAccess may be limited to ebrary affiliated libraries. |
||
| 650 | 0 |
_aMedical personnel _xViolence against. |
|
| 650 | 0 |
_aAggressiveness _xPrevention. |
|
| 650 | 0 |
_aViolence _xPrevention. |
|
| 655 | 7 |
_aElectronic books. _2local |
|
| 700 | 1 | _aByrt, Richard. | |
| 700 | 1 | _aDooher, James. | |
| 710 | 2 | _aebrary, Inc. | |
| 856 | 4 | 0 |
_uhttp://site.ebrary.com/lib/rucke/Doc?id=10459624 _zAn electronic book accessible through the World Wide Web; click to view |
| 999 |
_c126726 _d126726 |
||